Február 1948 v okresoch Košice-mesto a Košice-vidiek /

Uložené v:
Podrobná bibliografia
Ďalší autori: Kolivošková, Elena 1949- (Compiler)
Médium: Kniha
Jazyk:Slovak
Vydané: Košice : Krajská knižnica, 1978.
Edícia:Bibliografia Krajskej knižnice Košice č. 1/78
ISBN: (brož.)
Fyzický popis: 34 s.
Tagy: Pridať tag
Žiadne tagy, Buďte prvý kto otaguje tento záznam!

MARC

LEADER 00000nam a22000001 4500
001 000111708
005 20091027151525.0
008 020320s1978 xo slo d
020 |a (brož.) 
040 |a SVKKK  |b slo  |c SVKKK  |e AACR2 
041 0 |a slo 
044 |a xo  |c SK 
245 0 0 |a Február 1948 v okresoch Košice-mesto a Košice-vidiek /  |c zost. Elena Kolivošková. 
260 |a Košice :  |b Krajská knižnica,  |c 1978. 
300 |a 34 s. 
490 1 |a Bibliografia Krajskej knižnice Košice  |v č. 1/78 
700 1 |a Kolivošková, Elena  |d 1949-  |4 com 
830 0 |a Bibliografia Krajskej knižnice Košice  |v č. 1/78 
910 |a svkkk 
998 |a BK 
090 |g SCKHL  |k Študovňa historických fondov a regionálnej lit.(Pri Mikl.väzn.1)  |a II.237445  |j 572712  |i 2720154868  |s Príručka / Študovňa